Quick Pick: Movies of 2014 Quiz Stats

Quiz Updated Apr 24, 2018

Challenge
Share
Tweet
Embed
Score 0/20 Timer 01:00
1 Play Today
% Correct
Dumber
92%
Dragon
91.7%
Galaxy
91.5%
Museum
90.9%
Jump
90.7%
Planet
90.3%
Runner
89.1%
Budapest
88.4%
Girl
87.7%
Mockingjay
86.5%
% Correct
Everything
86.3%
Madagascar
85.8%
Game
84.1%
Sniper
82.7%
Service
77.6%
Future
77.5%
Machina
77.1%
Battle
76.6%
Extinction
76.5%
Winter
75%

Today's Daily Dose

You're not logged in!

Compare scores with friends on all Sporcle quizzes.
Join for Free
OR
Log In

You Might Also Like...

Show Comments

Extras

Top Quizzes Today


Score Distribution

Your Account Isn't Verified!

In order to create a playlist on Sporcle, you need to verify the email address you used during registration. Go to your Sporcle Settings to finish the process.

Report this User

Report this user for behavior that violates our Community Guidelines.

Details: